| 000 | 00369pam a2200145 a 4500 | ||
|---|---|---|---|
| 020 | _c | ||
| 041 | _h | ||
| 082 | _a657 | ||
| 100 |
_aBREITNER (Leslie K.)/ ANTHONY (Robert N.) _eauthor |
||
| 245 |
_aCore Concepts fo Accounting _hTextual Document |
||
| 250 | _a10th | ||
| 260 |
_bPearson Education Delhi, Harlow, Singapore _c2011 |
||
| 300 | _av, 192 | ||
| 930 | _a1970 | ||
| 999 |
_c821184 _d821184 |
||